NBA Leading Scorers by Team - Statistics

General Stats
  • This quiz has been taken 335 times
  • The average score is 16 of 30
Answer Stats
Team PPG Answer % Correct
Bucks 29.6 Giannis Antetokounmpo
98%
76ers 23.4 Joel Embiid
93%
Celtics 23.6 Jayson Tatum
81%
Bulls 25.5 Zach LaVine
79%
Clippers 26.9 Kawhi Leonard
76%
Grizzlies 17.6 Ja Morant
74%
Hawks 29.6 Trae Young
74%
Jazz 24.2 Donovan Mitchell
73%
Heat 20.2 Jimmy Butler
72%
Lakers 26.7 Anthony Davis
70%
Mavericks 28.7 Luka Doncic
67%
Nets 27.4 Kyrie Irving
64%
Nuggets 20.2 Nikola Jokic
64%
Rockets 34.4 James Harden
61%
Kings 20.4 De'Aaron Fox
55%
Knicks 19.5 Julius Randle
48%
Spurs 22.2 DeMar DeRozan
47%
Suns 26.1 Devin Booker
43%
Trail Blazers 28.9 Damian Lillard
37%
Timberwolves 26.5 Karl-Anthony Towns
36%
Wizards 30.5 Bradley Beal
34%
Pelicans 24.3 Brandon Ingram
34%
Cavaliers 20.8 Collin Sexton
34%
Raptors 23.6 Pascal Siakam
34%
Thunder 19.3 Shai Gilgeous-Alexander
28%
Magic 19.5 Nikola Vucevic
24%
Warriors 21.8 Andrew Wiggins
18%
Pistons 18.1 Derrick Rose
16%
Hornets 18.2 Devonte' Graham
12%
Pacers 18.7 TJ Warren
9%
No matching quizzes found
Score Distribution
Percent of People with Each Score
Percentile by Number Answered
Your Score History
You have not taken this quiz